| Tag |
First Indicator |
Second Indicator |
Subfields |
| LEADER |
00000cam a2200000 a 4500 |
| 001 |
in00001990959 |
| 005 |
20151031110834.0 |
| 008 |
950525s1993 ru 000 0druso |
| 010 |
|
|
|a 95157196
|
| 020 |
|
|
|z 5020175926
|
| 035 |
|
|
|a (OCoLC)ocm33984138
|
| 040 |
|
|
|a DLC
|c DLC
|d TXA
|d UtOrBLW
|
| 043 |
|
|
|a aw-----
|
| 049 |
|
|
|a TXAM
|
| 050 |
0 |
0 |
|a DS49.7
|b .G39 1993
|
| 100 |
1 |
|
|a Gerasimov, Oleg Gerasimovich.
|
| 245 |
1 |
0 |
|a Vostochnye uzory /
|c O.G. Gerasimov.
|
| 264 |
|
1 |
|a Moskva :
|b Nauka,
|c 1993.
|
| 300 |
|
|
|a 367 pages ;
|c 20 cm.
|
| 336 |
|
|
|a text
|b txt
|2 rdacontent
|
| 337 |
|
|
|a unmediated
|b n
|2 rdamedia
|
| 338 |
|
|
|a volume
|b nc
|2 rdacarrier
|
| 490 |
1 |
|
|a Rasskazy o stranakh Vostoka
|
| 651 |
|
0 |
|a Middle East
|x Description and travel.
|
| 600 |
1 |
0 |
|a Gerasimov, Oleg Gerasimovich
|x Travel
|z Middle East.
|
| 830 |
|
0 |
|a Rasskazy o stranakh Vostoka.
|
| 948 |
|
|
|a cataloged
|b h
|c 2004/9/3
|d c
|e spoltoratski
|f 10:54:27 am
|
| 994 |
|
|
|a E0
|b TXA
|
| 999 |
|
|
|a MARS
|
| 999 |
f |
f |
|s b7a44777-d63d-3b1d-9527-c9109459fddb
|i d2835c26-178e-31ca-92e4-511271ff3df5
|t 0
|
| 952 |
f |
f |
|p ric
|a Texas A&M University
|b Rellis Campus
|c Joint Library Facility
|d Remote Storage
|t 0
|e DS49.7 .G39 1993
|h Library of Congress classification
|i unmediated -- volume
|m A14832246451
|
| 998 |
f |
f |
|a DS49.7 .G39 1993
|t 0
|l Remote Storage
|